[Event "Os Paralamas do Sucesso"]
[Site "http://www.queenalice.com/game.php?id=1292870"]
[Date "2014.7.6"]
[Round "-"]
[White "leonardo_assumpcao"]
[Black "bobifixer"]
[Result "1-0"]
[WhiteElo "1959"]
[BlackElo "1896"]

1. d4 Nf6 2. c4 e6 3. Nf3 Bb4+ 4. Bd2 Be7 5. Nc3 d5 6. e3 dxc4 7. Bxc4 c6 8. O-O
O-O 9. Qc2 Nbd7 10. Rac1 Nb6 11. Bd3 h6 12. Ne5 Nbd5 13. a3 Nd7 14. f4 Nxe5 15.
fxe5 Bg5 16. Rf3 Bd7 17. Ne4 Be7 18. Nc5 Bc8 19. Rcf1 f5 20. exf6 Rxf6 21. Rxf6
Bxf6 22. Bc4 Bg5 23. Qg6 Bxe3+ 24. Bxe3 Nxe3 25. Rf7 Qg5 26. Rxg7+ 1-0

[Event "AUTO-MASTER-2806"]
[Site "http://www.queenalice.com/game.php?id=1557112"]
[Date "2019.1.17"]
[Round "1"]
[White "Regina1962"]
[Black "leonardo_assumpcao"]
[Result "0-1"]
[WhiteElo "2051"]
[BlackElo "2055"]

1. d4 d5 2. Bf4 Nf6 3. e3 e6 4. Bd3 c5 5. c3 Nc6 6. Nd2 c4 7. Bc2 b5 8. Ngf3 Be7
9. O-O h6 10. Ne5 Bb7 11. Nxc6 Bxc6 12. Re1 O-O 13. e4 dxe4 14. Nxe4 Nd5 15. Be5
f6 16. Bg3 f5 17. Nc5 Bxc5 18. dxc5 f4 19. Rxe6 fxg3 20. Rxc6 gxf2+ 0-1

[Event "AUTO-MASTER-2806"]
[Site "http://www.queenalice.com/game.php?id=1557113"]
[Date "2019.1.17"]
[Round "1"]
[White "leonardo_assumpcao"]
[Black "Regina1962"]
[Result "1-0"]
[WhiteElo "2110"]
[BlackElo "1963"]

1. d4 d5 2. c4 e6 3. e3 Nf6 4. Nc3 Be7 5. Nf3 a6 6. cxd5 exd5 7. Be2 O-O 8. O-O
Bg4 9. h3 Bh5 10. g4 Bg6 11. Ne5 c6 12. h4 h6 13. g5 hxg5 14. hxg5 Ne4 15. Nxg6
fxg6 16. Nxe4 dxe4 17. Bc4+ Kh8 18. Qg4 Bxg5 19. Qxe4 Qf6 20. Bd3 Bh6 21. Qxg6
Qxg6+ 22. Bxg6 Nd7 23. Kg2 Rf6 24. Bc2 Raf8 25. f4 c5 26. dxc5 Nxc5 27. b4 Ne6
28. Bb2 R6f7 29. Rh1 Kg8 30. Bb3 Re7 31. Be5 1-0

[Event "AUTO-MASTER-2806"]
[Site "http://www.queenalice.com/game.php?id=1557128"]
[Date "2019.1.17"]
[Round "1"]
[White "JailtonMaster"]
[Black "leonardo_assumpcao"]
[Result "0-1"]
[WhiteElo "1971"]
[BlackElo "2118"]

1. d4 d5 2. c4 c6 3. Nf3 Nf6 4. e3 Bg4 5. Be2 e6 6. Nc3 Bd6 7. O-O Nbd7 8. h3
Bh5 9. cxd5 exd5 10. a3 O-O 11. b4 a6 12. Bb2 Nb6 13. Rc1 Re8 14. Qc2 Bc7 15. a4
Bxf3 16. Bxf3 Qd6 17. g3 Qxb4 18. Na2 Qxa4 19. Qb1 Nc4 20. Bd1 Qb5 21. Bc3 Ne4
22. Qxb5 axb5 23. Nb4 Nxc3 24. Rxc3 Ba5 25. Rb3 Nd2 26. Nd3 Nxb3 27. Bxb3 Bc7
28. Nc5 b6 0-1

[Event "AUTO-MASTER-2806"]
[Site "http://www.queenalice.com/game.php?id=1557129"]
[Date "2019.1.17"]
[Round "1"]
[White "leonardo_assumpcao"]
[Black "JailtonMaster"]
[Result "1-0"]
[WhiteElo "2102"]
[BlackElo "1973"]

1. d4 d5 2. c4 Nf6 3. Nc3 e6 4. Nf3 Be7 5. cxd5 exd5 6. Bg5 O-O 7. e3 h6 8. Bh4
c6 9. h3 Ne4 10. Bxe7 Qxe7 11. Bd3 f5 12. Ne5 Rf6 13. O-O Nxc3 14. bxc3 f4 15.
exf4 Bf5 16. Bxf5 Rxf5 17. Re1 Qf6 18. g3 g5 19. Ng4 Qf8 20. Re6 Kg7 21. Nxh6
Rf6 22. Qe2 Kxh6 23. fxg5+ Kxg5 24. Re5+ Kg6 25. Qh5+ 1-0

[Event "AUTO-MASTER-2806"]
[Site "http://www.queenalice.com/game.php?id=1557140"]
[Date "2019.1.17"]
[Round "1"]
[White "leonardo_assumpcao"]
[Black "Gera"]
[Result "1-0"]
[WhiteElo "2126"]
[BlackElo "1935"]

1. d4 d5 2. c4 c6 3. Nc3 e6 4. Nf3 Nf6 5. Bg5 Nbd7 6. cxd5 cxd5 7. e3 Be7 8. Rc1
O-O 9. Bd3 a6 10. O-O b5 11. Ne2 Bb7 12. Ne5 Ne4 13. Bxe7 Qxe7 14. Rc7 Bc8 15.
Qc2 f5 16. Qc6 Nxe5 17. dxe5 Qd8 18. Rc1 Qh4 19. Bxe4 fxe4 20. Nf4 Qd8 21. Qxa8
Qh4 22. Rxc8 Rxc8 23. Rxc8+ Kf7 24. Rf8+ 1-0

[Event "AUTO-MASTER-2806"]
[Site "http://www.queenalice.com/game.php?id=1557141"]
[Date "2019.1.17"]
[Round "1"]
[White "Gera"]
[Black "leonardo_assumpcao"]
[Result "1-0"]
[WhiteElo "2011"]
[BlackElo "2132"]

1. d4 d5 2. c4 e6 3. a3 dxc4 4. Nc3 a6 5. a4 c5 6. e3 cxd4 7. Bxc4 dxc3 8. Qxd8+
Kxd8 9. bxc3 Nf6 10. Nf3 Nc6 11. O-O Be7 12. Rd1+ Kc7 13. Ng5 h6 14. Nf3 Rd8 15.
Rxd8 Kxd8 16. Bb2 Kc7 17. Bd3 Bd7 18. c4 Nb4 19. Be2 Rd8 20. Ne5 Be8 21. Bf3 Nh7
22. h3 f6 23. Ng4 h5 24. Nh2 Ng5 25. a5 Nxf3+ 26. Nxf3 e5 27. Rb1 Bg6 28. Re1
1-0

[Event "AUTO-OPEN-4019"]
[Site "http://www.queenalice.com/game.php?id=1557276"]
[Date "2019.1.19"]
[Round "1"]
[White "Bigchess"]
[Black "leonardo_assumpcao"]
[Result "0-1"]
[WhiteElo "1878"]
[BlackElo "2071"]

1. e4 e5 2. Nf3 Nc6 3. Bb5 Nd4 4. Nxd4 exd4 5. d3 Ne7 6. Bc4 d5 7. exd5 Nxd5 8.
O-O Be7 9. Nd2 O-O 10. Nf3 Bf6 11. a3 Be6 12. Re1 a6 13. b4 b5 14. Bb3 Nc3 15.
Qd2 Bxb3 16. cxb3 Qd5 17. Qf4 Rfe8 18. Bd2 Ne2+ 19. Rxe2 Rxe2 20. Qxc7 Qxb3 21.
Rc1 Qxa3 22. h3 Qxd3 23. h4 Bxh4 24. Be3 dxe3 25. Nxh4 exf2+ 26. Kf1 Rc2# 0-1

[Event "AUTO-OPEN-4019"]
[Site "http://www.queenalice.com/game.php?id=1557277"]
[Date "2019.1.19"]
[Round "1"]
[White "leonardo_assumpcao"]
[Black "Bigchess"]
[Result "1-0"]
[WhiteElo "2048"]
[BlackElo "1812"]

1. e4 e5 2. Nf3 d6 3. h3 Nf6 4. Nc3 Nc6 5. Bc4 Be7 6. d3 b6 7. Nd5 Bb7 8. Nxe7
Qxe7 9. O-O O-O 10. Bg5 a6 11. Nh4 Nd4 12. c3 Ne6 13. Nf5 Qd8 14. Bh4 b5 15. Bb3
Qd7 16. Bxf6 g6 17. Nh6# 1-0

[Event "AUTO-OPEN-4019"]
[Site "http://www.queenalice.com/game.php?id=1557300"]
[Date "2019.1.19"]
[Round "1"]
[White "Regina1962"]
[Black "leonardo_assumpcao"]
[Result "0-1"]
[WhiteElo "1982"]
[BlackElo "2090"]

1. Nf3 d5 2. d4 Nf6 3. Bf4 c5 4. e3 e6 5. c3 Nc6 6. Bd3 Nh5 7. Bg3 Nxg3 8. hxg3
h6 9. Nbd2 Be7 10. Qe2 Qb6 11. Rb1 Bd7 12. O-O O-O 13. b3 cxd4 14. exd4 Bf6 15.
Rbc1 Rfe8 16. Bb1 e5 17. dxe5 Nxe5 18. Nxe5 Rxe5 19. Qf3 Rae8 20. c4 Qa5 21.
Rfd1 Bg5 22. cxd5 Bxd2 23. Rc7 Re1+ 24. Kh2 Qxc7 25. Rxe1 Rxe1 0-1

[Event "AUTO-OPEN-4019"]
[Site "http://www.queenalice.com/game.php?id=1557301"]
[Date "2019.1.19"]
[Round "1"]
[White "leonardo_assumpcao"]
[Black "Regina1962"]
[Result "1-0"]
[WhiteElo "2079"]
[BlackElo "1962"]

1. e4 c5 2. Nf3 e6 3. c3 Nc6 4. d3 Nf6 5. Bg5 Be7 6. e5 Ng4 7. Bxe7 Qxe7 8. d4
cxd4 9. cxd4 d6 10. h3 Nh6 11. Bd3 Nf5 12. Nc3 O-O 13. O-O g6 14. Bxf5 exf5 15.
Re1 dxe5 16. d5 Nb4 17. a3 Na6 18. d6 Qd8 19. Nxe5 Be6 20. b4 Nb8 21. Nd5 Bxd5
22. Qxd5 Nd7 23. Nxf7 Rxf7 24. Re7 1-0

[Event "AUTO-OPEN-4019"]
[Site "http://www.queenalice.com/game.php?id=1557314"]
[Date "2019.1.19"]
[Round "1"]
[White "Alex_ac"]
[Black "leonardo_assumpcao"]
[Result "0-1"]
[WhiteElo "1824"]
[BlackElo "2117"]

1. c4 c5 2. e3 e6 3. d4 cxd4 4. exd4 Nf6 5. a3 g6 6. Nf3 Bg7 7. Be2 O-O 8. O-O
Ne4 9. Nc3 Nxc3 10. bxc3 Nc6 11. Bb2 b6 12. c5 bxc5 13. dxc5 Rb8 14. Rb1 Qa5 15.
Qd6 Ba6 16. Bxa6 Qxa6 17. Qxd7 Rfd8 18. Qc7 Rb7 19. Qf4 Rdb8 20. Qd2 Qc4 21. Qd6
Qa4 22. Qd2 Na5 23. Qd1 Qxd1 24. Rfxd1 Rxb2 25. Rxb2 Rxb2 26. h3 Bxc3 27. Rd8+
Kg7 28. Rd7 Rb7 29. c6 Rb1+ 30. Kh2 Nxc6 31. Ng5 Ne5 32. Rxa7 Rb6 33. f4 Bd2 34.
Ra4 Nd3 35. g3 Rb2 36. h4 Bxf4+ 37. Kh3 Nf2+ 38. Kg2 Ne4+ 39. Kf3 Bxg5 40. Kxe4
Be7 41. Ra7 Bc5 42. Ra5 Bf2 43. Kf4 Rb3 0-1

[Event "AUTO-OPEN-4019"]
[Site "http://www.queenalice.com/game.php?id=1557315"]
[Date "2019.1.19"]
[Round "1"]
[White "leonardo_assumpcao"]
[Black "Alex_ac"]
[Result "1-0"]
[WhiteElo "2116"]
[BlackElo "1722"]

1. e4 e5 2. Nf3 d6 3. d4 h6 4. dxe5 Bg4 5. Be2 a6 6. exd6 cxd6 7. Nc3 Nd7 8. h3
Bh5 9. O-O Ngf6 10. Be3 Be7 11. Nh4 O-O 12. Bxh5 Nxh5 13. Nf5 Ndf6 14. g4 Nxg4
15. Qxg4 g6 16. Nxh6+ Kg7 17. Nf5+ Kh7 18. Nd5 Re8 19. Nfxe7 Rxe7 20. Bg5 1-0

[Event "AUTO-MASTER-2806"]
[Site "http://www.queenalice.com/game.php?id=1571687"]
[Date "2019.5.21"]
[Round "2"]
[White "leonardo_assumpcao"]
[Black "jesuskatz"]
[Result "1/2-1/2"]
[WhiteElo "2178"]
[BlackElo "2554"]

1. e4 Nf6 2. e5 Nd5 3. c4 Nb6 4. d4 d6 5. exd6 exd6 6. Nc3 Nc6 7. d5 Ne5 8. f4
Ned7 9. Nf3 Be7 10. Be3 Bf6 11. Bd3 O-O 12. O-O Re8 13. Re1 Bxc3 14. bxc3 Nf6
15. Bd4 Bg4 16. Rxe8+ Qxe8 17. h3 Bxf3 18. Qxf3 Qe7 19. Rb1 Re8 20. Kh2 h6 21.
Rb2 a6 22. Re2 Qf8 23. Bxf6 Rxe2 24. Qxe2 gxf6 25. Qe4 f5 26. Qxf5 Qg7 27. Qg4
Qxg4 28. hxg4 Na4 29. Kg3 Nxc3 30. a3 Nd1 31. Kh4 Ne3 32. g3 c5 33. dxc6 bxc6
34. g5 hxg5+ 35. Kxg5 c5 36. Kf6 Kf8 37. Be2 d5 38. cxd5 c4 39. d6 Ke8 40. Bf3
Kd7 41. Kxf7 c3 42. Be4 c2 43. Bxc2 Nxc2 44. g4 Nxa3 45. g5 Nb5 46. g6 Nxd6+ 47.
Kf8 Nf5 48. g7 Nxg7 49. Kxg7 a5 50. f5 a4 51. f6 a3 52. f7 a2 53. f8=Q a1=Q+ 54.
Qf6 Qb1 55. Qe5 Qf1 56. Kg6 Qb1+ 57. Qf5+ Qxf5+ 58. Kxf5 Kd6 59. Ke4 Kc5 60. Ke5
Kc4 61. Ke4 Kc3 62. Ke5 Kd3 63. Kd5 Ke3 64. Ke5 Kf3 65. Kf5 Kg3 66. Kg5 Kh3 67.
Kh5 Kg2 68. Kg4 Kh2 69. Kh4 Kg2 70. Kg4 Kf2 71. Kf4 Ke2 72. Ke4 Kf2 73. Kf4 Ke2
74. Ke4 Kd2 75. Kd4 Kc2 76. Kc4 Kb2 77. Kb4 Ka2 78. Ka4 Kb2 79. Kb4 Kc2 80. Kc4
Kd2 81. Kd4 Ke2 82. Ke4 1/2-1/2

[Event "AUTO-MASTER-2806"]
[Site "http://www.queenalice.com/game.php?id=1571688"]
[Date "2019.5.21"]
[Round "2"]
[White "jesuskatz"]
[Black "leonardo_assumpcao"]
[Result "1/2-1/2"]
[WhiteElo "2529"]
[BlackElo "2167"]

1. d4 d5 2. c4 e6 3. Nf3 Nf6 4. Bg5 dxc4 5. Nc3 a6 6. a4 Nc6 7. e3 Na5 8. Nd2
Qd6 9. Be2 Qb4 10. O-O Bd7 11. Qc2 c5 12. Bxf6 gxf6 13. d5 f5 14. Rab1 Bg7 15.
dxe6 Bxe6 16. Na2 Qb6 17. Nxc4 Nxc4 18. Bxc4 O-O 19. b3 Rad8 20. h3 Rd7 21. Bxe6
fxe6 22. b4 Rc8 23. Qc4 Rcc7 24. b5 axb5 25. Rxb5 Qc6 26. Rc1 Be5 27. Kf1 Rd5
28. Nc3 Bxc3 29. Qxc3 Qd6 30. Ke2 b6 31. Rcb1 Rd7 32. R5b2 Kf7 33. Kf3 Rd3 34.
Qh8 Kg6 35. Rxb6 Qd5+ 36. Kg3 Rd8 37. Qb2 Rd2 38. Qb3 f4+ 39. Kh2 c4 40. Qb5
Qxb5 41. R1xb5 Rxf2 42. Rxe6+ Kf7 43. Re4 c3 44. Rc5 fxe3 45. Rxe3 Rdd2 46. Rc7+
Kf6 47. Rg3 c2 48. Rg8 Rfe2 49. a5 Re5 50. Rf8+ Ke6 51. Re8+ Kd6 52. Rxe5 Kxc7
53. Rc5+ Kb7 54. h4 h5 55. Kg3 Re2 56. Kf3 Rd2 57. g3 Ka6 58. Kf4 Rf2+ 59. Kg5
Kb7 60. Rc3 Rd2 61. Kxh5 Ka6 62. g4 Kxa5 63. Kg6 Kb4 64. Rxc2 1/2-1/2

[Event "AUTO-MASTER-2806"]
[Site "http://www.queenalice.com/game.php?id=1571689"]
[Date "2019.5.21"]
[Round "2"]
[White "leonardo_assumpcao"]
[Black "musampa"]
[Result "1-0"]
[WhiteElo "2120"]
[BlackElo "2023"]

1. f4 d5 2. d3 Nc6 3. Nf3 Bg4 4. Nbd2 Qd6 5. e4 Bxf3 6. Nxf3 dxe4 7. dxe4 Qxd1+
8. Kxd1 O-O-O+ 9. Bd2 Nf6 10. Ng5 Rd4 11. c3 Rd7 12. e5 h6 13. Nxf7 Ne4 14. Nxh8
Nf2+ 15. Kc2 Nxh1 16. Bc4 Nf2 17. Be6 1-0

[Event "AUTO-MASTER-2806"]
[Site "http://www.queenalice.com/game.php?id=1571690"]
[Date "2019.5.21"]
[Round "2"]
[White "musampa"]
[Black "leonardo_assumpcao"]
[Result "0-1"]
[WhiteElo "1969"]
[BlackElo "2129"]

1. f4 d5 2. e3 g6 3. d4 Nf6 4. h3 Ne4 5. Bd3 Ng3 6. Rh2 Bg7 7. Nc3 c5 8. Nce2
Ne4 9. c3 O-O 10. Bxe4 dxe4 11. g4 Nd7 12. Ng3 e5 13. Nxe4 exd4 14. exd4 b6 15.
Nf3 Re8 16. Re2 cxd4 17. Nxd4 Ba6 18. Re3 Nc5 19. Nxc5 Qh4+ 20. Kd2 Qf2+ 21. Re2
Rxe2+ 22. Nxe2 Rd8+ 0-1

[Event "AUTO-OPEN-4019"]
[Site "http://www.queenalice.com/game.php?id=1577795"]
[Date "2019.7.19"]
[Round "2"]
[White "danielglowinski"]
[Black "leonardo_assumpcao"]
[Result "0-1"]
[WhiteElo "2507"]
[BlackElo "2146"]

1. e4 c5 2. Nf3 e6 3. d3 Nc6 4. Nc3 d5 5. exd5 exd5 6. Bf4 d4 7. Qe2+ Be7 8. Ne4
Be6 9. Nfg5 Bd5 10. O-O-O Kf8 11. Nf3 Bxa2 12. Ne5 Nxe5 13. Bxe5 Bd5 14. h4 Qa5
15. c4 Bc6 16. Kb1 Ba4 17. Qd2 Qa6 18. b3 Bxb3 19. Re1 Rc8 20. Rh3 Rc6 21. Qb2
Rb6 22. Kc1 Ba2 23. Qa1 Rb1+ 0-1

[Event "AUTO-OPEN-4019"]
[Site "http://www.queenalice.com/game.php?id=1577796"]
[Date "2019.7.19"]
[Round "2"]
[White "leonardo_assumpcao"]
[Black "danielglowinski"]
[Result "0-1"]
[WhiteElo "2169"]
[BlackElo "2500"]

1. e4 e6 2. d4 d5 3. Nc3 Nf6 4. e5 Nfd7 5. Nce2 c5 6. c3 Nc6 7. Nf3 Be7 8. h3
Qb6 9. a3 O-O 10. Nf4 cxd4 11. cxd4 f6 12. Nxe6 Re8 13. Bd3 fxe5 14. Bxh7+ Kxh7
15. Nfg5+ Kg6 16. Qd3+ e4 17. Qg3 Bxg5 18. Qxg5+ Kf7 19. Qh5+ Kxe6 20. Qxe8+ Ne7
21. Bg5 Nf6 22. Qf8 Qxd4 23. O-O Qe5 24. f4 Qd4+ 25. Kh1 Nf5 26. Rac1 Qxb2 27.
Rg1 Kd7 28. Qf7+ Kd6 29. Qf8+ Kd7 30. Rgd1 Ne3 31. Qxg7+ Ke6 32. Rg1 Nf5 33. Qf8
Ng3+ 34. Kh2 Bd7 35. Qxa8 Ne2 36. Rgf1 Nxc1 37. Qf8 Bb5 38. f5+ Kd7 39. Bxf6
Qxf6 0-1

[Event "AUTO-OPEN-4019"]
[Site "http://www.queenalice.com/game.php?id=1577801"]
[Date "2019.7.19"]
[Round "2"]
[White "leonardo_assumpcao"]
[Black "ArmandoFerreira"]
[Result "0-1"]
[WhiteElo "2147"]
[BlackElo "2665"]

1. e4 e5 2. Nf3 Nc6 3. Nc3 Nf6 4. Bb5 Nd4 5. Bc4 Nxf3+ 6. gxf3 Bc5 7. Rg1 c6 8.
d3 O-O 9. Bh6 Ne8 10. Qd2 Kh8 11. Be3 Bxe3 12. fxe3 Qh4+ 13. Rg3 f5 14. O-O-O b5
15. Bb3 a5 16. a3 d6 17. exf5 Bxf5 18. Ne2 Bg6 19. e4 Nf6 20. f4 Bh5 21. f5 Bxe2
22. Qxe2 Nh5 23. Rg4 Nf4 24. Qf3 Qh6 25. Kb1 c5 26. a4 Rab8 27. Rdg1 bxa4 28.
Bxa4 Rf7 29. b3 Qxh2 30. Rh1 Qd2 31. Rgh4 h6 32. Qg3 Qg2 33. Qe1 Qg5 34. Qxa5
Qe7 35. Bb5 Rff8 36. Bc6 Rbc8 37. Qa6 Qc7 38. Bb5 Ra8 39. Qc6 Qa7 40. Ba4 Rad8
41. Kb2 Rf6 42. Ra1 h5 43. Bb5 Qe7 44. Qb6 Rxf5 45. Rhh1 Rf6 46. Ra7 Qf8 47. Qa5
Kh7 48. Rg1 Rg6 49. Rh1 Qf6 50. Bd7 Kh6 51. Bb5 Rg2 52. Bc4 Qg5 53. b4 cxb4 54.
Qb6 Ne2 55. Bf7 h4 56. Bc4 Kh7 57. Qc7 Nf4 58. Raa1 h3 0-1

[Event "AUTO-OPEN-4019"]
[Site "http://www.queenalice.com/game.php?id=1577802"]
[Date "2019.7.19"]
[Round "2"]
[White "ArmandoFerreira"]
[Black "leonardo_assumpcao"]
[Result "1/2-1/2"]
[WhiteElo "2620"]
[BlackElo "2136"]

1. e4 c5 2. Nf3 Nc6 3. Bb5 e6 4. O-O Nge7 5. d4 cxd4 6. Nxd4 Qb6 7. Nxc6 dxc6 8.
Bc4 Ng6 9. a4 Be7 10. a5 Qc7 11. f4 Bd7 12. Qe2 O-O 13. g3 b5 14. axb6 axb6 15.
Rxa8 Rxa8 16. Nc3 b5 17. Bd3 e5 18. f5 Nf8 19. Be3 Be8 20. Nd1 Ra2 21. Kg2 Nd7
22. c4 b4 23. Nf2 Ra8 24. h4 f6 25. c5 Bxc5 26. Bc4+ Kh8 27. Bxc5 Nxc5 28. Qd2
Rb8 29. Qe3 Na4 30. Rc1 Qb6 31. Qxb6 Nxb6 32. Be6 h5 33. Nd3 Nc8 34. Nc5 Nd6 35.
Na6 Rb6 36. Nc7 Bf7 37. Kf3 Kg8 38. Ra1 Rb8 39. Ra7 Rd8 40. g4 hxg4+ 41. Kxg4 c5
42. Bxf7+ Nxf7 43. Ne6 Rc8 44. Rb7 c4 45. Rxb4 Nd6 46. Ra4 Rb8 47. Kh5 Kh7 48.
Ra7 Rg8 49. Nc5 Rc8 50. Ne6 Rg8 51. Nc5 Rc8 52. Ne6 Rg8 1/2-1/2